| 000 | 00779 a2200193 4500 | ||
|---|---|---|---|
| 001 | 28037 | ||
| 005 | 20260407155552.0 | ||
| 008 | 260407a1958 arg spa d | ||
| 003 | AR-UNSa-BCEJYS | ||
| 040 |
_aAR-UNSa-BCEJYS _bspa _cAR-UNSa-BCEJYS |
||
| 080 |
_a657 _xContabilidad |
||
| 245 | 1 | 0 | _aDigesto del contador público |
| 264 | 1 |
_aBuenos Aires : _bSelección Contable _c1958 |
|
| 300 |
_axxiv, 506 p. _c20 cm. |
||
| 505 | _a1. Leyes, reglamentos, aranceles y normas profesionales - 2. Actuación profesional técnico contable - 3. Actuación profesional impositiva - 4. Actuación profesional judicial - 5. Actuación profesional en sociedades - 6. Informaciones generales | ||
| 942 | _cBK | ||
| 590 | _aniveau_biblio:m niveau_hierar:0 | ||
| 100 | 1 | _aCaletti, Alberto Mario | |
| 999 |
_c1637 _d1637 |
||